[Event "AUTO-OPEN-2885"]
[Site "http://www.queenalice.com/game.php?id=1139244"]
[Date "2013.1.10"]
[Round "1"]
[White "musampa"]
[Black "domingo"]
[Result "1/2-1/2"]
[WhiteElo "1989"]
[BlackElo "2035"]

1. f4 d5 2. e3 g6 3. Nf3 Bg7 4. d4 Bg4 5. h3 Bxf3 6. Qxf3 e6 7. Bd3 Ne7 8. O-O
c6 9. b3 Nd7 10. c4 f5 11. Nc3 O-O 12. Ba3 Re8 13. h4 Nf6 14. Bxe7 Qxe7 15. c5
b5 16. b4 a5 17. a3 axb4 18. axb4 Qb7 19. Rfb1 Rxa1 20. Rxa1 Ra8 21. Qd1 Ra6 22.
Qc1 Qa8 23. Rxa6 Qxa6 24. Kf2 Kf7 25. Qb2 Ne8 26. Qa2 Qxa2+ 27. Nxa2 Nc7 28. Kf3
Bf6 29. g3 h5 30. Ke2 Ke8 31. Kd2 Kd7 32. Nc1 Na6 33. Kc3 Bd8 1/2-1/2

[Event "AUTO-OPEN-2885"]
[Site "http://www.queenalice.com/game.php?id=1139245"]
[Date "2013.1.10"]
[Round "1"]
[White "domingo"]
[Black "musampa"]
[Result "1-0"]
[WhiteElo "1957"]
[BlackElo "2002"]

1. e4 e5 2. Nc3 Bb4 3. Nge2 d6 4. g3 Nf6 5. Bg2 Bg4 6. h3 Bh5 7. O-O Nc6 8. f3
Qd7 9. Kh2 O-O-O 10. d4 h6 11. a3 Ba5 12. d5 Ne7 13. b4 Bb6 14. a4 a6 15. a5 Ba7
16. Na4 g5 17. c4 Bg6 18. Qb3 h5 19. Bxg5 Nh7 20. Bxe7 Qxe7 21. b5 axb5 22. cxb5
Bc5 23. Nxc5 dxc5 24. b6 cxb6 25. Qxb6 Rd6 26. Qxc5+ Qc7 27. Qb5 Kd8 28. Rfc1
Qd7 29. Rab1 1-0

[Event "AUTO-OPEN-2885"]
[Site "http://www.queenalice.com/game.php?id=1139272"]
[Date "2013.1.10"]
[Round "1"]
[White "scaccomatto"]
[Black "domingo"]
[Result "0-1"]
[WhiteElo "2034"]
[BlackElo "1649"]

1. e4 d6 2. d4 e5 3. dxe5 dxe5 4. Qxd8+ Kxd8 5. Nf3 f6 6. Nc3 Bb4 7. Bd2 Bxc3 8.
Bxc3 c5 9. O-O-O+ Kc7 10. Bc4 Ne7 11. b4 Nbc6 12. bxc5 Bg4 13. Rd3 Bxf3 14. Rxf3
Rad8 15. Rd1 Rxd1+ 16. Kxd1 Rd8+ 17. Rd3 Rxd3+ 18. cxd3 b6 19. cxb6+ axb6 20. g3
Kd6 21. f4 Kc5 22. fxe5 Nxe5 23. Bxe5 fxe5 24. a3 Kd4 25. Kd2 Nc8 26. h4 Nd6 27.
Bd5 Nb5 28. a4 Nc7 29. Bc6 Ne6 30. Bd5 Nc5 0-1

[Event "AUTO-OPEN-2885"]
[Site "http://www.queenalice.com/game.php?id=1139273"]
[Date "2013.1.10"]
[Round "1"]
[White "domingo"]
[Black "scaccomatto"]
[Result "1-0"]
[WhiteElo "1780"]
[BlackElo "2034"]

1. e4 e5 2. Nc3 Nf6 3. Nf3 Nc6 4. d3 Bb4 5. Bd2 d5 6. exd5 Nxd5 7. Nxd5 Bxd2+ 8.
Qxd2 Qxd5 9. c4 Qd6 10. Be2 Bf5 11. a3 O-O 12. Nh4 Be6 13. O-O Bxc4 14. Nf5 Qf6
15. Nxg7 Bd5 16. Nh5 Qg6 17. Ng3 Rad8 18. f4 exf4 19. Rxf4 Kh8 20. Bh5 Qg5 21.
Qf2 Rd7 22. Rf1 Nd8 23. Bg4 Re7 24. h4 Qg7 25. Nf5 1-0

[Event "AUTO-OPEN-2885"]
[Site "http://www.queenalice.com/game.php?id=1139290"]
[Date "2013.1.10"]
[Round "1"]
[White "yeye2"]
[Black "domingo"]
[Result "1-0"]
[WhiteElo "1875"]
[BlackElo "2032"]

1. e4 d6 2. d4 g6 3. d5 e5 4. Qf3 Bg7 5. Be3 Nf6 6. Nc3 O-O 7. O-O-O Bg4 8. Qg3
Bxd1 9. Kxd1 Nh5 10. Qg4 h6 11. f3 Qd7 12. Qh4 Bf6 13. Qf2 Bg5 14. Bxa7 b6 15.
Bxb8 Rfxb8 16. Bb5 Qd8 17. Nge2 Nf4 18. h4 Nxe2 19. Qxe2 Bxh4 20. a3 Rc8 21. a4
Qe7 22. b3 Kg7 23. Bc6 Rab8 24. Qa6 Rf8 25. Nb5 f5 26. Qa7 Rbc8 27. c4 fxe4 28.
fxe4 Rf7 29. b4 Qg5 30. Rg1 Qg4+ 31. Kc2 Qxe4+ 32. Kb3 Qxc4+ 33. Kxc4 Rcf8 34.
g3 Bg5 35. Rg2 e4 36. Nxc7 Kg8 37. Qxb6 e3 38. Ne6 Rf2 39. Nxg5 e2 40. Rxf2 e1=Q
41. Rxf8+ Kxf8 42. Qd8+ 1-0

[Event "AUTO-OPEN-2885"]
[Site "http://www.queenalice.com/game.php?id=1139291"]
[Date "2013.1.10"]
[Round "1"]
[White "domingo"]
[Black "yeye2"]
[Result "0-1"]
[WhiteElo "1936"]
[BlackElo "1879"]

1. e4 e5 2. Nc3 Nf6 3. d3 Bb4 4. Bd2 O-O 5. Nf3 Nc6 6. g3 d6 7. Bg2 Bg4 8. Ne2
Re8 9. Bxb4 Nxb4 10. a3 Nc6 11. c4 Ne7 12. O-O Nc6 13. b4 Nd4 14. Nfxd4 exd4 15.
f3 Bd7 16. Nxd4 a6 17. Nb3 Ba4 18. Qb1 c6 19. Kh1 Re6 20. d4 Bxb3 21. Qxb3 b5
22. d5 cxd5 23. cxd5 Re7 24. Rfc1 Rc8 25. Qb2 Rec7 26. Rxc7 Rxc7 27. Rc1 a5 28.
bxa5 Rxc1+ 29. Qxc1 g6 30. Qc3 Nd7 31. Bf1 Nc5 32. Bxb5 Qb8 33. Qb4 Nd3 34. Bxd3
Qc8 35. Bc4 h5 36. a6 Qc7 37. a4 Kh7 38. Kg2 g5 39. Qb3 Kg6 40. Qd3 Qa5 41. Bb5
Kh6 42. f4 g4 43. e5 dxe5 44. fxe5 Kg7 45. d6 Kg8 46. d7 Qd8 47. a7 Kf8 48. Qd6+
Kg7 0-1

[Event "AUTO-MASTER-1820"]
[Site "http://www.queenalice.com/game.php?id=1151957"]
[Date "2013.2.14"]
[Round "1"]
[White "domingo"]
[Black "MarceloPadre"]
[Result "0-1"]
[WhiteElo "1915"]
[BlackElo "2095"]

1. e4 e5 2. Nc3 Nf6 3. d3 Bb4 4. Bd2 O-O 5. g3 d5 6. exd5 Nxd5 7. Bg2 Nxc3 8.
Bxc3 Bxc3+ 9. bxc3 c6 10. Ne2 Be6 11. O-O Nd7 12. f4 Bg4 13. h3 Bxe2 14. Qxe2
exf4 15. Rxf4 Qb6+ 16. Rf2 Rae8 17. Qd1 Qe3 18. Qf3 Qb6 19. Qd1 Re6 20. Rb1 Qc7
21. g4 Rfe8 0-1

[Event "AUTO-MASTER-1820"]
[Site "http://www.queenalice.com/game.php?id=1151958"]
[Date "2013.2.14"]
[Round "1"]
[White "MarceloPadre"]
[Black "domingo"]
[Result "1-0"]
[WhiteElo "2103"]
[BlackElo "1906"]

1. d4 g6 2. c4 Bg7 3. Nc3 d6 4. e4 c6 5. Be3 e6 6. Qd2 Ne7 7. O-O-O d5 8. f3 a6
9. Bh6 O-O 10. g4 b5 11. c5 f5 12. Bxg7 Kxg7 13. h4 h6 14. Be2 fxg4 15. fxg4 Nd7
16. Nf3 Qc7 17. h5 Qf4 18. g5 Qxd2+ 19. Rxd2 hxg5 20. Nxg5 Nf6 21. h6+ 1-0

[Event "AUTO-MASTER-1820"]
[Site "http://www.queenalice.com/game.php?id=1151959"]
[Date "2013.2.14"]
[Round "1"]
[White "domingo"]
[Black "szachista92"]
[Result "0-1"]
[WhiteElo "1971"]
[BlackElo "2126"]

1. e4 g6 2. Nc3 Bg7 3. g3 d6 4. Bg2 Nf6 5. d3 O-O 6. Nge2 c5 7. h3 Nc6 8. O-O
Rb8 9. a3 b5 10. Bg5 a5 11. Rb1 b4 12. axb4 axb4 13. Bxf6 Bxf6 14. Nd5 Bg7 15.
c3 Be6 16. Ne3 Qa5 17. Qd2 Qa6 18. d4 bxc3 19. bxc3 cxd4 20. cxd4 Bd7 0-1

[Event "AUTO-MASTER-1820"]
[Site "http://www.queenalice.com/game.php?id=1151960"]
[Date "2013.2.14"]
[Round "1"]
[White "szachista92"]
[Black "domingo"]
[Result "1-0"]
[WhiteElo "2133"]
[BlackElo "1958"]

1. e4 d6 2. d4 g6 3. Nf3 Bg7 4. Bd3 Bg4 5. Be3 Nd7 6. Qd2 Bxf3 7. gxf3 e5 8. c3
h5 9. f4 exf4 10. Bxf4 Bh6 11. Na3 a6 12. O-O-O Qh4 13. Bxh6 Nxh6 14. Kb1 Ng4
15. Rdf1 Ngf6 16. f4 O-O-O 17. c4 Nh7 18. Rc1 f6 19. c5 dxc5 20. dxc5 1-0

[Event "AUTO-MASTER-1820"]
[Site "http://www.queenalice.com/game.php?id=1151961"]
[Date "2013.2.14"]
[Round "1"]
[White "domingo"]
[Black "Aspayne"]
[Result "0-1"]
[WhiteElo "1992"]
[BlackElo "2007"]

1. e4 Nf6 2. Nc3 d5 3. exd5 Nxd5 4. Bc4 e6 5. d3 Nxc3 6. bxc3 Be7 7. Nf3 Bf6 8.
Bb2 Nc6 9. O-O O-O 10. a4 b6 11. Rb1 Bb7 12. d4 Qe7 13. Qc1 Rac8 14. Ba3 Qd7 15.
Bxf8 Rxf8 16. Bb3 Ne7 17. Qe3 Nd5 18. Bxd5 Bxd5 19. Ne5 Qxa4 20. Ra1 Qxc2 21.
Rxa7 Bxe5 22. Qxe5 c6 23. Qe3 b5 24. Rfa1 h6 25. h3 Qg6 26. g3 Qh5 0-1

[Event "AUTO-MASTER-1820"]
[Site "http://www.queenalice.com/game.php?id=1151962"]
[Date "2013.2.14"]
[Round "1"]
[White "Aspayne"]
[Black "domingo"]
[Result "1-0"]
[WhiteElo "1960"]
[BlackElo "2019"]

1. e4 e5 2. Nf3 Nc6 3. Nc3 Nf6 4. Nxe5 Nxe5 5. d4 Nc6 6. d5 Nb4 7. a3 Na6 8. e5
Ng8 9. d6 cxd6 10. exd6 Bxd6 11. Qxd6 Qe7+ 12. Qxe7+ Nxe7 13. Bg5 f6 14. Be3 O-O
15. Bc4+ Kh8 16. O-O-O b6 17. Rhe1 1-0